[Event "RSA-chT Regions"]
[Site "Boksburg"]
[Date "2020.01.12"]
[Round "7.4"]
[White "Mbedza, Richard"]
[Black "Dakin, Brett Russell"]
[Result "0-1"]
[WhiteElo "1886"]
[BlackElo "1647"]
[PlyCount "60"]
[EventDate "2020.01.09"]
[EventType "team-swiss"]
[EventRounds "7"]
[EventCountry "RSA"]
[SourceTitle "CBM 194 Extra"]
[Source "ChessBase"]
[SourceDate "2020.03.31"]
[SourceVersion "1"]
[SourceVersionDate "2020.03.31"]
[SourceQuality "1"]
[WhiteTeam "Ekurhuleni Coaches"]
[BlackTeam "ENM"]
[WhiteTeamCountry "RSA"]
[BlackTeamCountry "RSA"]

1. e4 e5 2. Nf3 Nc6 3. Bc4 Bc5 4. d3 h6 5. Be3 Qe7 6. Qe2 Nf6 7. h3 Bxe3 8. fxe3 d6 9. Nbd2 Bd7 10. a3 a6 11. Ba2 0-0-0 12. 0-0-0 Be6 13. c4 Rhe8 14. Rhe1 Na7 15. d4 c6 16. Kb1 Nxe4 17. Ka1 Nxd2 18. Nxd2 exd4 19. exd4 Qf6 20. Ne4 Qg6 21. Bb1 Bd7 22. c5 Kb8 23. Qd2 dxc5 24. Nxc5 Qd6 25. Qb4 Nb5 26. a4 Rxe1 27. axb5 Rxd1 28. Nxa6+ Kc8 29. Qxd6 Rxb1+ 30. Ka2 Be6+ 0-1

[Event "RSA-chT Regions"]
[Site "Boksburg"]
[Date "2020.01.11"]
[Round "6.4"]
[White "Dakin, Brett Russell"]
[Black "Kedama, Sandiso"]
[Result "0-1"]
[WhiteElo "1647"]
[BlackElo "1553"]
[PlyCount "91"]
[EventDate "2020.01.09"]
[EventType "team-swiss"]
[EventRounds "7"]
[EventCountry "RSA"]
[SourceTitle "CBM 194 Extra"]
[Source "ChessBase"]
[SourceDate "2020.03.31"]
[SourceVersion "1"]
[SourceVersionDate "2020.03.31"]
[SourceQuality "1"]
[WhiteTeam "ENM"]
[BlackTeam "Western Province Youth"]
[WhiteTeamCountry "RSA"]
[BlackTeamCountry "RSA"]

1. e4 c6 2. d4 d5 3. e5 Bf5 4. Bd3 Bxd3 5. Qxd3 e6 6. Nf3 Qb6 7. Nbd2 Nd7 8. 0-0 Ne7 9. c4 Ng6 10. g3 dxc4 11. Nxc4 Qc7 12. Bd2 Be7 13. Rac1 0-0 14. h4 Rfd8 15. Rfe1 b5 16. Na5 Ndxe5 17. Nxe5 Nxe5 18. Qe4 Rxd4 19. Qxe5 Qxe5 20. Rxe5 Rxd2 21. Nxc6 Bf6 22. Rxb5 Rxb2 23. Nxa7 Rxa2 24. Nc6 Ra1 25. Rxa1 Rxa1+ 26. Kg2 g6 27. f4 h5 28. Kh3 Ra3 29. Ra5 Rxa5 30. Nxa5 Bc3 31. Nc4 f5 32. Kg2 Kf7 33. Kf3 Ke7 34. Ke3 Kd7 35. Ne5+ Bxe5 36. fxe5 Kc6 37. Kd4 Kb5 38. Ke3 Kc4 39. Kf4 Kd4 40. Kg5 Kxe5 41. Kxg6 f4 42. gxf4+ Kxf4 43. Kxh5 Kf5 44. Kh6 e5 45. Kg7 Kg4 46. Kh6 0-1